000 00729nam a2200289Ia 4500
005 20260324124843.0
008 008 260324s9999 xx 000 0 eng d
020 _a9781315427218
037 _aEBOOK
040 _aCRL
040 _beng
040 _cCRL
041 _2eng
041 _aeng
084 _qCRL
100 _aPeter W Van Arsdale; Derrin R Smith
_91175749
245 0 _aHumanitarians in Hostile Territory
245 0 _bExpeditionary Diplomacy and Aid Outside the Green Zone
260 _bTaylor and Francis
260 _c2010
365 _a
365 _b220
856 _uhttp://www.taylorfrancis.com/books/9781315427218
942 _cEBOOK
999 _c1770509
_d1770509